000 00872nas a2200277 4500
001 BR0504148
003 BR-BrBNA
005 20231205105539.0
007 ta
008 230509b bl.|||p| |||| 00| 00por d
040 _aBR-BrBNA
_bpor
_cBiblioteca Nacional de Agricultura
041 _a(Pt)
072 _aF03; J11; Q04
100 1 _aAndrade, R.A. de
100 1 _aOliveira, I.V. de M.
100 1 _aMartins, A.B.G.
245 1 _aInfluência da condição e período de armazenamento na germinação de sementes de pitaya vermelha
650 _aFRUTA TROPICAL
650 _aSEMENTE
650 _aARMAZENAMENTO
650 _aPODER GERMINATIVO
650 _aSÃO PAULO
773 0 _tRevista Brasileira de Fruticultura (Brazil)
_xISSN 0100-2945
_g(Apr 2005), v. 27(1) p. 168-170
_wBR0504148
909 _a202311
_bLúcia
_c55
_dLúcia Elande
942 _2AGRIS
_n0
_cANA
999 _c183489
_d183489